000 00696nam a2200241Ia 4500
005 20260430150654.0
008 008 250103s9999 xx 000 0 eng d
037 _aTheses
040 _aCRL
040 _beng
040 _ceng
041 _2eng
041 _aeng
084 _qCRL
100 _aMohd Sajid Au.; Radhey Shyam Gu.
_91238168
245 0 _aImpact of Behavioral Biases on Individual Investors’ Decisions and Stock Price Movements: Evidence from India
260 _c2023
300 _a199p.
650 _aCommerce
700 _aUniversity of Delhi. Faculty of Commerce and Business Studies. Deptt. of Commerce
_91237511
942 _cTH
999 _c1850354
_d1850354